000 00282cam a22000977a 4500
008 180718b1973 xxu||||| |||| 00| 0 eng d
082 _aL8x5452 T152/1972/3
245 _aThe Madars account code
260 _aTamil Nadu
_bThe Director of Stationery and Printing
_c1973
300 _a505+p.
999 _c500638
_d500638